10 cities in Bulgaria - Statistics

General Stats
  • This quiz has been taken 40 times
  • The average score is 4 of 10
Answer Stats
Hint Answer % Correct
sofia
96%
plovdiv
82%
varna
64%
burgas
43%
ruse
36%
P pléven
32%
S sliven
32%
D dobritch
21%
S stara zagora
21%
C choumen
14%
No matching quizzes found
Score Distribution
Percent of People with Each Score
Percentile by Number Answered
Your Score History
You have not taken this quiz